Расчет эффективности органов регулирования; IV Международная школа-конференция молодых атомщиков Сибири

Detalles Bibliográficos
Parent link:IV Международная школа-конференция молодых атомщиков Сибири.— 2013.— [С. 35]
Autor principal: Чуйкина А. В.
Autor Corporativo: Национальный исследовательский Томский политехнический университет (ТПУ) Физико-технический институт (ФТИ) Кафедра физико-энергетических установок (№ 21) (ФЭУ)
Otros Autores: Фёдоров Н. М., Аникин М. Н. Михаил Николаевич
Sumario:Заглавие с титульного экрана
Lenguaje:ruso
Publicado: 2013
Materias:
Acceso en línea:http://www.lib.tpu.ru/fulltext/c/2013/C63/003.pdf
Formato: Electrónico Capítulo de libro
KOHA link:https://koha.lib.tpu.ru/cgi-bin/koha/opac-detail.pl?biblionumber=608468

MARC

LEADER 00000naa2a2200000 4500
001 608468
005 20260323095127.0
035 |a (RuTPU)RU\TPU\conf\5899 
035 |a RU\TPU\conf\5897 
090 |a 608468 
100 |a 20141001d2013 k y0rusy50 ca 
101 0 |a rus 
102 |a RU 
135 |a drcn ---uucaa 
181 0 |a i  
182 0 |a b 
200 1 |a Расчет эффективности органов регулирования  |f А. В. Чуйкина, Н. М. Фёдоров, М. Н. Аникин 
203 |a Текст  |c электронный 
300 |a Заглавие с титульного экрана 
320 |a [Библиогр.: с. 35 (2 назв.)] 
337 |a Adobe Reader 
463 0 |0 (RuTPU)RU\TPU\conf\2843  |t IV Международная школа-конференция молодых атомщиков Сибири  |o сборник тезисов докладов, г. Томск, 23-25 октября 2013 г.  |f Национальный исследовательский Томский политехнический университет (ТПУ) ; Росатом  |v [С. 35]  |d 2013 
610 1 |a труды учёных ТПУ 
610 1 |a электронный ресурс 
610 1 |a органы регулирования 
610 1 |a расчеты 
610 1 |a эффективность 
610 1 |a ИРТ-Т 
610 1 |a ректоры 
700 1 |a Чуйкина  |b А. В. 
701 1 |a Фёдоров  |b Н. М. 
701 1 |a Аникин  |b М. Н.  |c специалист в области ядерных технологий  |c начальник службы Томского политехнического университета, кандидат технических наук  |f 1991-  |g Михаил Николаевич  |3 (RuTPU)RU\TPU\pers\32503  |9 16449 
712 0 2 |a Национальный исследовательский Томский политехнический университет (ТПУ)  |b Физико-технический институт (ФТИ)  |b Кафедра физико-энергетических установок (№ 21) (ФЭУ)  |3 (RuTPU)RU\TPU\col\18730 
801 2 |a RU  |b 63413507  |c 20150529  |g RCR 
856 4 |u http://www.lib.tpu.ru/fulltext/c/2013/C63/003.pdf 
942 |c BK